| 000 | 01035nas a2200313 4500 | ||
|---|---|---|---|
| 001 | BR2014004216 | ||
| 003 | BR-BrBNA | ||
| 005 | 20231205124223.0 | ||
| 007 | ta | ||
| 008 | 230509b bl.|||p| |||| 00| 00por d | ||
| 040 |
_aBR-BrBNA _bpor _cBiblioteca Nacional de Agricultura |
||
| 041 | _a(Pt) | ||
| 072 | _aL02 | ||
| 100 | 1 | _aBrito, J.A.G. de | |
| 100 | 1 | _aBertechini, A.G. | |
| 100 | 1 | _aFassani, E.J. | |
| 100 | 1 | _aRodrigues, P.B. | |
| 100 | 1 | _aLima, E.M.C. | |
| 100 | 1 | _aMeneghetti, C. | |
| 245 | 1 | _aEfeito da vitamina D3 e 25-hidroxi-colecalciferol sobre o desempenho, o rendimento de carcaça e a morfologia intestinal de frangos de corte | |
| 650 | _aFRANGO DE CORTE | ||
| 650 | _aRAÇÃO | ||
| 650 | _aSUPLEMENTO ALIMENTAR | ||
| 650 | _aVITAMINA D | ||
| 773 | 0 |
_tRevista Brasileira de Zootecnia (Brazil) _xISSN 1806-9290 _g(Dec 2010), v. 39(12) p. 2656-2663 _wBR2014004216 |
|
| 856 | 4 | 0 | _uhttp://www.scielo.br/pdf/rbz/v39n12/a14v39n12.pdf |
| 909 |
_a202311 _bLúcia _c55 _dLúcia Elande |
||
| 942 |
_2AGRIS _n0 _cANA |
||
| 999 |
_c237942 _d237942 |
||